000 00503cam a2200193ua 4500
020 _c300.00
041 _aeng
_h
082 _a028.7025
_bCHH/IN
100 _aChhotey, Lal .
245 _aInformation source in science and technology /
_cChhotey Lal.
_hTextual Documents
260 _aNew Delhi :
_bBharati Publications ,
_c1986.
300 _a308 ; .
365 _a300.00
500 _a**Reference
504 _a
700 1 _aShohaib, Ahsan A .
942 _cBK
999 _c8933
_d8933